| 000 | 00384nam a22001457a 4500 | ||
|---|---|---|---|
| 020 | _a9780071070522 | ||
| 040 | _cNUST | ||
| 082 | _a621.31042 CHA | ||
| 100 | _aChapman, Stephen J | ||
| 245 | _aElectric Machinery Fundamentals | ||
| 250 | _a4th ed | ||
| 260 |
_aNEW DELHI: _bMcGraw-Hill, _c2015. |
||
| 650 |
_aTEXTBOOK-DME.ELECTRIC MACHINERY-FUNDAMENTALS _991689 |
||
| 942 |
_2ddc _cBK |
||
| 999 |
_c589846 _d589846 |
||